00596 2200193 4500001002100000005001500021035002000036245011200056100002000168300002100188700001800209700002200227260006500249082001000314084001600324020002200340600002800362990001200390INLIS00000000000133920201001014434 a0010-10200000391 aFROM SANTA CLAUS TO PARTNER BAGAIMANA FASILITATOR BERPIKIR DAN BEKERJA DENGAN MASYARAKAT /cFary Dj Francis0 aFary Dj Francis a163 :bilustrasi0 aYohanes Ghewa0 aIsidorus Lilijawa aMakassar :bBursa Pengetahuan Kawasan Indonesia Timur,c2008 a307.7 a307.7 FAR f a978-979-18908-0-9 4aPemberdayaan Masyarakat a151.638